00661cam a22002291 4500001001300000003000400013005001700017008004100034010001700075035002000092040002300112042001200135050002000147100003300167245008800200250002400288260005000312300001900362500001400381500001900395999001700414sa 68007514 DLC20260227112523.0890623s1968 ii 000 1 hino  asa 68007514  a(OCoLC)19917942 aDLCcWaUdNRUdDLC apremarc00aPK2098.B295bI81 aBaijal, Shiam Narain,d1913-10aIsa hammāma meṃ saba naṅge haiṃ. [Lekhaka] Śyāmanārāyaṇa Baijala. a[1. saṃskaraṇa. aBarelī]bPāravatī Prakāśanac[1968] a111 p.c19 cm. aIn Hindi. aShort stories. c81862d81862